000 00291nam a22001097a 4500
082 _a005.133-FP CHE'F
100 _aNAGPAL, J , CHELLAM, MEENAKHSI , ROHRA, S
_964731
245 _aFOXPRO 2.0 , THE ART OF VISUAL PROGRAMMING
260 _aNEW DELHI
_bBPB
_c1992
300 _a326P
942 _cBK
999 _c573139
_d573139